Johanka z Arku /
Uloženo v:
| Hlavní autor: | |
|---|---|
| Další autoři: | , |
| Médium: | Kniha |
| Jazyk: | Czech |
| Vydáno: |
V Brně :
Lingea,
2022
|
| Vydání: | 1. vydání |
| Edice: | Historické osobnosti
|
| Témata: | |
| Celkem bylo vypůjčeno: | 2x |
| Tagy: |
Žádné tagy |
| LEADER | 03019nam a2200757 i 4500 | ||
|---|---|---|---|
| 001 | 100935 | ||
| 003 | CZ PrNK | ||
| 005 | 20231107080359.0 | ||
| 007 | ta | ||
| 008 | 230216s2022 xr ab g 6 000 0bcze | ||
| 015 | |a cnb003499041 | ||
| 020 | |a 9788075088185 |q (vázáno) | ||
| 040 | |a ABA001 |b cze |e rda | ||
| 041 | 1 | |a cze |h fre | |
| 072 | 7 | |a 94(44/449.49) |x Dějiny Francie a Monaka |2 Konspekt |9 8 | |
| 072 | 7 | |a 929 |x Biografie |2 Konspekt |9 8 | |
| 080 | |a 27-36-055.2 |2 MRF | ||
| 080 | |a 94(410.1+44)"1337/1453" |2 MRF | ||
| 080 | |a 355.4 |2 MRF | ||
| 080 | |a 322 |2 MRF | ||
| 080 | |a 27-745/-746 |2 MRF | ||
| 080 | |a 929 |2 MRF | ||
| 080 | |a 94(44) |2 MRF | ||
| 080 | |a (44) |2 MRF | ||
| 080 | |a (092)741.52 |2 MRF | ||
| 080 | |a (093)741.52 |2 MRF | ||
| 100 | 1 | |a Le Gris, Jérôme, |d 1971- |7 xx0279862 |4 aut |9 114810 | |
| 240 | 1 | 0 | |a Jeanne d'Arc. |l Česky |
| 245 | 1 | 0 | |a Johanka z Arku / |c scénář: Jerôme Le Gris ; kresba a barvy: Ignacio Noé ; přeložila: Tereza Novotná |
| 250 | |a 1. vydání | ||
| 264 | 1 | |a V Brně : |b Lingea, |c 2022 | |
| 300 | |a 46 stran, 8 nečíslovaných stran : |b ilustrace (převážně barevné), 1 mapa ; |c 31 cm | ||
| 336 | |a text |b txt |2 rdacontent | ||
| 336 | |a statický obraz |b sti |2 rdacontent | ||
| 337 | |a bez média |b n |2 rdamedia | ||
| 338 | |a svazek |b nc |2 rdacarrier | ||
| 490 | 1 | |a Historické osobnosti | |
| 500 | |a Přeloženo z francouzštiny | ||
| 504 | |a Obsahuje bibliografie | ||
| 600 | 0 | 7 | |a Jana, |7 jn20000720114 |2 czenas |c z Arku, svatá, |d 1412-1431 |
| 600 | 0 | 9 | |a Joan, |2 eczenas |c of Arc, Saint, |d 1412-1431 |
| 648 | 7 | |a 15. století |7 ch460553 |2 czenas |9 52883 | |
| 648 | 4 | |a 1337-1453 | |
| 650 | 0 | 7 | |a křesťanské světice |7 ph122127 |y 15. století |z Francie |2 czenas |
| 650 | 0 | 7 | |a stoletá válka (1337-1453) |7 ph202169 |z Francie |2 czenas |
| 650 | 0 | 7 | |a válečná tažení |7 ph152823 |y 15. století |z Francie |2 czenas |
| 650 | 0 | 7 | |a stát a církev |7 ph116308 |y 15. století |z Francie |2 czenas |
| 650 | 0 | 7 | |a církevní soudní procesy |7 ph139381 |y 15. století |z Francie |2 czenas |
| 650 | 0 | 9 | |a Christian women saints |y 15th century |z France |2 eczenas |
| 650 | 0 | 9 | |a Hundred Years' War (1337-1453) |z France |2 eczenas |
| 650 | 0 | 9 | |a campaigns |y 15th century |z France |2 eczenas |
| 650 | 0 | 9 | |a church and state |y 15th century |z France |2 eczenas |
| 650 | 0 | 9 | |a trials (heresy) |y 15th century |z France |2 eczenas |
| 651 | 7 | |a Francie |7 ge129152 |x dějiny |y 15. století |2 czenas | |
| 651 | 9 | |a France |x history |y 15th century |2 eczenas | |
| 655 | 7 | |a biografické komiksy |7 fd1057461 |2 czenas | |
| 655 | 7 | |a historické komiksy |7 fd1057475 |2 czenas | |
| 655 | 9 | |a biographical comics |2 eczenas | |
| 655 | 9 | |a historical comics |2 eczenas | |
| 700 | 1 | |a Noé, Ignacio, |d 1965- |7 xx0143613 |4 ill |9 114811 | |
| 700 | 1 | |a Novotná, Tereza |4 trl | |
| 830 | 0 | |a Historické osobnosti | |
| 910 | |a UOG502 | ||
| 942 | |2 ddc |c KN | ||
| 999 | |d 100935 | ||
| 993 | |0 0 |1 421180101333 |2 ddc |4 0 |6 929_000000000000000 |7 0 |9 91620 |b 0 |c 101333 |d 2023-11-07 |e 2 |f M |g 929 |h 299.00 |i Koupě |l M |m 2 |r 2025-10-07 |s 2025-09-11 |t 7 |w 2023-11-07 |y KN |z NAUCNA | ||